000 00427pab a2200169 454500
008 180718b2014 xxu||||| |||| 00| 0 eng d
100 _aMukherjee, Amitava
245 _aWill Mamata learn from her mistake?
260 _c2014
300 _ap.27-29.
362 _a26 Apr
650 _aWest Bengal - Politics and government
650 _aPolitics and government
773 _aMainstream
908 _aN
909 _a105491
999 _c105486
_d105486